00749 2200265 4500001002100000005001500021035002000036007000300056008004100059020002200100082001100122084001700133100002100150245010900171250001000280260004100290300003800331500001100369650001000380650001200390504003100402710002800433990001100461990001100472INLIS00000000000314420190207095214 a0010-0219000086ta190207 g 0 ind  a978-979-592-774-7 a297.99 a297.99 FED k0 aFEDRIAN, Hasmand1 aKronologi Sejarah Islam dan Dunia :b571 M s/d 2016 M /cFedrian Hasmand; editor, Tim Pustaka Al-Kautsar acet.1 aJakarta :bPustaka Al-Kautsar,c2017 axiii, 530 hlm. :bilus. ;c28 cm. aIndeks aISLAM aSEJARAH aBibliografi : hlm. 483-486 aTIM, Pustaka Al-Kautsar a6453 a a6453 b